000
00216 a2200097 4500
001
32904
100
_a
Tahir Daud
245
_a
Safar Zindagi ha [Urdu]
260
_a
Lahore
_b
Feroz Sons
_c
1999
090
_c
22059
_d
22059
942
_a
NUST-CAE
_c
M
_c
13402
999
_c
267977
_d
267977